Statistics for Labrant Family Quiz

Click here to take the quiz!

General Stats

  • This quiz has been taken 62 times
  • The average score is 6 of 6

Answer Stats

HintAnswer% Correct
FatherCole
100%
MotherSavannah
98%
DaughterPosie
96%
DaughterEverleigh
91%
DaughterSunday
87%
SonZealand
87%

Score Distribution

Percentile by Number Answered

Percent of People with Each Score

Your Score History

You have not taken this quiz